| 000 | 00568nam a2200205 4500 | ||
|---|---|---|---|
| 001 | 3460 | ||
| 005 | 20181127171237.0 | ||
| 010 | 0 | 0 | _a |
| 020 | 0 | 0 | _a |
| 090 | 0 | 0 | _a330 G291L |
| 100 | 0 | 0 | _a |
| 245 | 0 | 0 |
_a"A" level economics question papers : _bGeneral Certificate of Education / _cUniversity of London Examinations and Assessment Council. _h |
| 250 | 0 | 0 | _a |
| 260 | 0 | 0 |
_a [London, U.K.] : _bUniversity of London Examinations and Assessment Council, _cn.d. |
| 300 | 0 | 0 | _avar. ; ill. : 24 cm. |
| 500 | 0 | 0 | _a |
| 650 | 0 | 0 |
_a _x |
| 650 | 0 | 0 |
_a _x |
| 650 | 0 | 0 |
_aEconomics. _x |
| 999 |
_c2802 _d2802 |
||